MARC

LEADER 00000nas a2200000 a 4500
001 ssj0000801861
003 WaSeSS
005 20200512172242.0
006 m d
007 cr n
008 110609c20079999ts br pss 0 0eng c
010 |a  2012239094 
016 7 |a 101623157  |2 DNLM 
022 |a 2079-0538 
035 |a (WaSeSS)ssj0000801861 
040 |a AU@  |b eng  |c AU@  |d OCLCQ  |d OCLCO  |d IUL  |d OCLCF  |d NLM  |d OCLCO  |d OCLCQ  |d OCLCO  |d OCLCQ  |d WaSeSS 
041 0 |a eng  |b ara 
042 |a pcc 
050 4 |a S3  |b .E75 
060 1 0 |a W1 
210 1 0 |a Emir J Food Agric  |2 dnlm 
245 0 0 |a Emirates journal of food and agriculture  |h [electronic resource]. 
246 1 |a EJFA 
246 1 |a Emir J Food Agric 
260 |a United Arab Emirates :  |b College of Food & Agriculture, United Arab Emirates University 
310 |a Bimonthly,  |b 2010- 
321 |a Semiannual,  |b 2007-2009 
362 1 |a Began with vol. 19, No. 1 (January 2007). 
506 |a License restrictions may limit access. 
546 |a English with Arabic summaries. 
588 |a Description based on: Vol. 19, No. 1 (January 2007); title from contents page, (publisher's Web site, viewed Nov. 28, 2012). 
588 |a Latest issue consulted: 2014 26 (5) (viewed Apr. 2, 2014). 
650 0 |a Agriculture  |v Periodicals. 
650 0 |a Food  |x Analysis  |v Periodicals. 
650 7 |a Agriculture.  |2 fast  |0 (OCoLC)fst00801355 
650 7 |a Food  |x Analysis.  |2 fast  |0 (OCoLC)fst00930460 
650 1 2 |a Agriculture. 
650 1 2 |a Food Analysis. 
655 0 |a Electronic journals. 
710 2 |6 880-01  |a Jāmiʻat al-Imārāt al-ʻArabīyah al-Muttaḥidah.  |b Kullīyat al-ʻUlūm al-Zirāʻīyah. 
780 0 0 |t Majallat al-Imārāt lil-ʻulūm al-zirāʻīyah  |x 1021-1357  |w (DLC) 2004222515  |w (OCoLC)611145024 
856 4 0 |z Full text available from Research Library: 01/01/2010 to present  |u https://search.proquest.com/publication/237826 
880 2 |6 710-01/(3/r  |a جامعة الامارات العربية المتحدة.  |b كلية العلوم الزراعية.